| 000 | 00523nam a22001937a 4500 | ||
|---|---|---|---|
| 003 | OSt | ||
| 005 | 20140310181713.0 | ||
| 008 | 121211t xxu||||| |||| 00| 0 eng d | ||
| 020 | _a9712709892 | ||
| 050 |
_aPL 5531.6 _b.An628 2000 |
||
| 082 |
_aFIL 899.2103 _bC19 2000 |
||
| 245 |
_aAn Anthology of winning works : _cCarlos Palanca Foundation _bthe 1980s one-act play / |
||
| 260 |
_aPasig City : _bAnvil, _c2000. |
||
| 300 |
_a661 p. : _c22 cm. |
||
| 562 | _e2 | ||
| 942 |
_2lcc _cBK |
||
| 999 |
_c1656 _d1656 |
||